Cosmic ray astrophysics by Reinhard Schlickeiser (Record no. 1211740)
[ view plain ]
| 000 -LEADER | |
|---|---|
| fixed length control field | 00997nam a2200277Ia 4500 |
| 003 - CONTROL NUMBER IDENTIFIER | |
| control field | OSt |
| 005 - DATE AND TIME OF LATEST TRANSACTION | |
| control field | 20221007123345.0 |
| 008 - FIXED-LENGTH DATA ELEMENTS--GENERAL INFORMATION | |
| fixed length control field | 221006b |||||||| |||| 00| 0 eng d |
| 020 ## - INTERNATIONAL STANDARD BOOK NUMBER | |
| International Standard Book Number | 3540664653 (hbd) |
| 037 ## - SOURCE OF ACQUISITION | |
| Terms of availability | Textual |
| 040 ## - CATALOGING SOURCE | |
| Original cataloging agency | PAPL |
| Transcribing agency | PAPL |
| Language of cataloging | eng |
| 041 ## - LANGUAGE CODE | |
| Source of code | eng |
| Language code of text/sound track or separate title | eng |
| 100 ## - MAIN ENTRY--PERSONAL NAME | |
| Personal name | Schlickeiser Reinhard |
| 9 (RLIN) | 717127 |
| 245 #0 - TITLE STATEMENT | |
| Title | Cosmic ray astrophysics by Reinhard Schlickeiser |
| 260 ## - PUBLICATION, DISTRIBUTION, ETC. | |
| Place of publication, distribution, etc. | Berlin |
| Name of publisher, distributor, etc. | Springer-Verlag |
| Date of publication, distribution, etc. | 2002 |
| 300 ## - PHYSICAL DESCRIPTION | |
| Extent | xv,519p |
| Dimensions | cm. |
| 500 ## - GENERAL NOTE | |
| General note | Bibliographical references 495-510p; Index 513-519p; ^n23/CSL/CARPA/2001-2002/836^d2002-02-07^mPurchase; ; 2001-2002/477^b2002-03-07^c190^d2002-02-12^eRs.2,547.00^fAshutosh Technical Books; ; 2002-03-20^bSB^c2002-05-27^dRPS |
| 650 ## - SUBJECT ADDED ENTRY--TOPICAL TERM | |
| Topical term or geographic name entry element | Astrophysics |
| 9 (RLIN) | 713569 |
| 650 ## - SUBJECT ADDED ENTRY--TOPICAL TERM | |
| Topical term or geographic name entry element | Astronomy |
| 942 ## - ADDED ENTRY ELEMENTS (KOHA) | |
| Classification part | B9:6, P2 |
| Koha item type | Textual |
| Source of classification or shelving scheme | Colon Classification (CC) |
| Withdrawn status | Lost status | Source of classification or shelving scheme | Damaged status | Not for loan | Home library | Current library | Date acquired | Source of acquisition | Total Checkouts | Full call number | Barcode | Date last seen | Price effective from | Koha item type |
|---|---|---|---|---|---|---|---|---|---|---|---|---|---|---|
| Colon Classification (CC) | Department of Physics and Astrophysics Library | Department of Physics and Astrophysics Library | 2022-10-07 | Ashutosh, | B9:6 P2 | PA0005306 | 2022-10-07 | 2022-10-07 | Textual |
